[Event "St Petersburg Korchnoi Memorial op"]
[Site "St Petersburg"]
[Date "2024.08.20"]
[Round "6"]
[White "Smirnov, Platon"]
[Black "Medvedev, Ivan Dmit"]
[Result "1-0"]
[WhiteElo "1912"]
[BlackElo "1734"]
[PlyCount "157"]
[EventDate "2024.08.17"]
[EventType "swiss"]
[EventRounds "9"]
[EventCountry "RUS"]
[SourceTitle "EXT 2025"]
[Source "ChessBase"]
[SourceDate "2024.10.14"]
[SourceVersion "1"]
[SourceVersionDate "2024.10.14"]
[SourceQuality "1"]

1. d4 d5 2. c4 c6 3. Nf3 e6 4. g3 Nf6 5. Bg2 Be7 6. 0-0 0-0 7. Nc3 Nbd7 8. Qd3 b6 9. e4 Bb7 10. Nd2 dxc4 11. Nxc4 Ba6 12. Rd1 Qc8 13. Bf1 c5 14. Nd6 Bxd6 15. Qxa6 Qxa6 16. Bxa6 cxd4 17. Nb5 Be7 18. Nxd4 Nc5 19. Nc6 Nxa6 20. Nxe7+ Kh8 21. f3 Rfe8 22. Nc6 Rec8 23. Ne5 Kg8 24. Bd2 Nc5 25. Rac1 Nfd7 26. Nxd7 Nxd7 27. Kf2 Kf8 28. Bc3 Nf6 29. Ke3 Ke7 30. Rd2 Rab8 31. g4 a5 32. Rdc2 Kd7 33. Kf4 Rc4 34. Bxf6 Rxc2 35. Rxc2 gxf6 36. e5 Rg8 37. exf6 Kd6 38. h4 h6 39. Rd2+ Kc7 40. Ke5 Rg6 41. Rc2+ Kd7 42. Rd2+ Kc7 43. Rg2 Kc6 44. f4 Rg8 45. Rc2+ Kd7 46. Rd2+ Kc7 47. g5 hxg5 48. hxg5 Rh8 49. Rg2 Kd7 50. f5 exf5 51. Rd2+ Ke8 52. Rd6 Rh1 53. Rxb6 Re1+ 54. Kxf5 Rf1+ 55. Ke4 Rg1 56. Kf4 Rf1+ 57. Ke3 Rf5 58. Rb8+ Kd7 59. Rf8 Ke6 60. Re8+ Kd5 61. Rg8 Ke6 62. Kd4 Rb5 63. Kc3 Kf5 64. Rg7 Ke6 65. g6 Kxf6 66. Rxf7+ Kxg6 67. Rf1 Rc5+ 68. Kb3 Rb5+ 69. Ka3 Rb4 70. Rf8 Kg7 71. Ra8 Rb5 72. b3 Kf7 73. Ka4 Rb7 74. Kxa5 Ke7 75. b4 Kd7 76. b5 Kc7 77. a4 Rb8 78. Rxb8 Kxb8 79. Kb6 1-0

[Event "St Petersburg Korchnoi Memorial op"]
[Site "St Petersburg"]
[Date "2024.08.18"]
[Round "4"]
[White "Sakovich, Luka"]
[Black "Medvedev, Ivan Dmit"]
[Result "1/2-1/2"]
[WhiteElo "1914"]
[BlackElo "1734"]
[PlyCount "71"]
[EventDate "2024.08.17"]
[EventType "swiss"]
[EventRounds "9"]
[EventCountry "RUS"]
[SourceTitle "CBM 221 Extra"]
[Source "ChessBase"]
[SourceDate "2024.09.30"]
[SourceVersion "1"]
[SourceVersionDate "2024.09.30"]
[SourceQuality "1"]

1. e4 e5 2. Nf3 Nc6 3. Bc4 Nf6 4. d3 h6 5. c3 d6 6. Nbd2 g5 7. Nf1 Bg7 8. Ne3 0-0 9. h3 Ne7 10. 0-0 c6 11. Bb3 Qc7 12. Qc2 d5 13. Nh2 Be6 14. Neg4 Ng6 15. Nxf6+ Bxf6 16. Nf3 Bg7 17. d4 f5 18. exd5 Bxd5 19. Bxd5+ cxd5 20. dxe5 Nxe5 21. Nd4 Qc8 22. f4 Ng6 23. Qe2 Bxd4+ 24. cxd4 g4 25. hxg4 fxg4 26. f5 Rxf5 27. Bxh6 Qd7 28. Rxf5 Qxf5 29. Rf1 Qe4 30. Qf2 Kh7 31. Re1 Qd3 32. Re3 Qb1+ 33. Re1 Qd3 34. Re3 Qb1+ 35. Re1 Qd3 36. Re3 1/2-1/2